000 00393nam a2200157 i 4500
001 bg
100 1 _aPAPROCKI, Antoni.
245 0 _aPrefabrykacja budowlana.
_nCz. 1 /
_cAntoni Paprocki, Seweryn Szewczyk.
250 _aWyd.2.
260 _aWarszawa,
_c1976.
700 1 _aSZEWCZYK, Seweryn.
040 _cBPK
041 _apol
942 _cKS
008 s pl f |000 0 pol
999 _c27545
_d27545
856 _uhttp://koha.tu.koszalin.pl/cgi-bin/koha/opac-detail.pl?biblionumber=27545
_yKatalog online BPK